000 00783nam a22001937a 4500
999 _c371758
_d371758
008 201127b ||||| |||| 00| 0 eng d
040 _aDE-2950
_bger
_cDE-2950
_erda
041 _ager
245 _aNeue Erkenntnisse zum tödlichen Unfall in Seefichten.
_bUntersuchungen. Auf der Deponie ist eine Mitarbeiter von einem Lkw überfahren worden. Ihre Kollegen gedachten ihrer mit einer Schweigeminute/
_cInes Weber-Rath
264 _c2022
653 _aFrankfurt (Oder)
653 _aMülldeponie
653 _atödlicher Unfall
773 _dFrankfurt (Oder) Märkisches Verlags- und Druckhaus GmbH & Co KG
_tMärkische Oderzeitung
_g33. Jahrgang (2022) Nr. 168 vom 21.07.2022, S. 13 : Foto
942 _cA